000 00851nam a2200253 i 4500
003 DO-SdBNP
005 20240708105703.0
007 ta
008 240626b1984 vc o || 001 0 spa d
040 _aDO-SdBNP
_bspa
_cBNPHU
_erda
082 4 _222
_bR769c
100 1 _aRoncalli, Francesco,
_eautor
_985746
245 1 0 _aCiudad del Vaticano /
_cFrancesco Roncalli ; fotografías, Bruno Del Priore ; traducción, Virginia Vezzoso
264 _aVaticano :
_bMusei Vaticani,
_c1984.
300 _a159 páginas :
_bfotografías ;
_c25 cm.
336 _2rdacontent
_atexto
_btxt
337 _2rdamedia
_asin mediación
_bn
338 _2rdacarrier
_avolumen
_bnc
590 _aInventariado, 2024/ YL
700 1 _a Priore, Bruno Del,
_efotografías
_985747
700 1 _aVezzoso, Virginia,
_etraducción
_985830
910 _aYLockward
942 _2ddc
_cLBS1
999 _c57008
_d57008